The Java tutorial:(E-BOOK) (Record no. 191946)
[ view plain ]
| 000 -LEADER | |
|---|---|
| fixed length control field | 01124 a2200241 4500 |
| 003 - CONTROL NUMBER IDENTIFIER | |
| control field | Nust |
| 005 - DATE AND TIME OF LATEST TRANSACTION | |
| control field | 20170207154027.0 |
| 010 ## - LIBRARY OF CONGRESS CONTROL NUMBER | |
| LC control number | 00038616 |
| 020 ## - INTERNATIONAL STANDARD BOOK NUMBER | |
| International Standard Book Number | 0201703939 (alk. paper) |
| 040 ## - CATALOGING SOURCE | |
| Transcribing agency | Nust |
| 082 00 - DEWEY DECIMAL CLASSIFICATION NUMBER | |
| Classification number | 005.133 |
| 100 1# - MAIN ENTRY--PERSONAL NAME | |
| Personal name | Campione, Mary. |
| 245 14 - TITLE STATEMENT | |
| Title | The Java tutorial:(E-BOOK) |
| Remainder of title | short course on the basics / |
| Statement of responsibility, etc. | Mary Campione, Kathy Walrath, Alison Huml. |
| 250 ## - EDITION STATEMENT | |
| Edition statement | 3rd ed. |
| 260 ## - PUBLICATION, DISTRIBUTION, ETC. | |
| Place of publication, distribution, etc. | Boston : |
| Name of publisher, distributor, etc. | Addison-Wesley, |
| Date of publication, distribution, etc. | 2001. |
| 300 ## - PHYSICAL DESCRIPTION | |
| Extent | xi, 580 p. : |
| Other physical details | ill. ; |
| Dimensions | 24 cm. |
| Accompanying material | + 1 computer laser optical disc (4 3/4 in.) |
| 440 #4 - SERIES STATEMENT/ADDED ENTRY--TITLE | |
| Title | The Java series |
| 505 ## - FORMATTED CONTENTS NOTE | |
| Formatted contents note | Chapter 1. Getting Started Chapter 2. Object-Oriented Programming Concepts Chapter 3. Language Basics Chapter 4. Object Basics and Simple Data Objects Chapter 5. Classes and Inheritance Chapter 6. Interfaces and Packages Chapter 7. Handling Errors Using Exceptions Chapter 8. Threads: Doing Two or More Tasks at Once Chapter 9. I/O: Reading and Writing Chapter 10. User Interfaces That Swing |
| 650 #0 - SUBJECT ADDED ENTRY--TOPICAL TERM | |
| Topical term or geographic name entry element | Java (Computer program language) |
| 651 ## - SUBJECT ADDED ENTRY--GEOGRAPHIC NAME | |
| Geographic name | The Java tutorial:(E-BOOK) |
| 700 1# - ADDED ENTRY--PERSONAL NAME | |
| Personal name | Huml, Alison. |
| 700 1# - ADDED ENTRY--PERSONAL NAME | |
| Personal name | Walrath, Kathy. |
| 942 ## - ADDED ENTRY ELEMENTS (KOHA) | |
| Source of classification or shelving scheme | |
| Koha item type | Book |
| Withdrawn status | Lost status | Source of classification or shelving scheme | Damaged status | Not for loan | Collection code | Permanent Location | Current Location | Date acquired | Total Checkouts | Full call number | Barcode | Date last seen | Price effective from | Koha item type |
|---|---|---|---|---|---|---|---|---|---|---|---|---|---|---|
| Military College of Signals (MCS) | Military College of Signals (MCS) | 12/12/2016 | 005.133 CAM | MCSEB-230 | 12/08/2016 | 12/12/2016 | Book |
